007470000a220010900045007730012000001000021000122450083000333000053001165000212001695200224003816500032006050 tEvangel1 aDray, John R. P.10aChurch and Chapel in a Cornish Mining Parish: 1743 to the Death of John Wesley aVol.26, núm. 2 (Summer, 2008), Páginas 48-61 aEl resultado de un estudio por el autor lleva a algunas conclusiones controversiales y desafia algunos aspectos de la historiografía del cristianismo y sociedad de la población de Cornish en el siglo 18. a1. Introducción 2. La iglesia Anglicana en Gwennap 3. La relación entre el metodismo y el anglicanismo 4. La fundación y desarrollo de la Sociedad Metodista 5. Los miembros de la Sociedad Metodista 6. Conclusiones14aIGLESIA-INGLATERRA-SIGLO 18